00680nam a2200205Ia 4500003000900000008004100009020002200050040001600072080001700088100001800105245008200123260004800205300001300253650001800266650002000284650004000304942000700344999001700351952010600368IN-BaIIA211028s9999 xx 000 0 eng d a978-81-8467-283-1 cIIA Library a52(540)bSHY aShylaja, B. S 0aChintamani Ragoonatha Charry and contemporary Indian astronomycB. S. Shylaja aBangalorebNavakarnataka Publicationsc2012 aiv, 96p. aAstronomy980 aBiography91224 aChintamani Ragoonatha Charry935871 cBK c18732d18732 00104070aBANbBANcGENd2013-06-14l2o52(540)/ SHYp19654r2026-03-13s2025-11-12w2013-06-14yBK